000 00706nam a2200289Ia 4500
005 20260324122444.0
008 008 260324s9999 xx 000 0 eng d
020 _a9781315855226
037 _aEBOOK
040 _aCRL
040 _beng
040 _cCRL
041 _2eng
041 _aeng
084 _qCRL
100 _aBeth Whitaker; Todd Whitaker
_91166513
245 0 _aTeaching Matters
245 0 _bHow to Keep Your Passion and Thrive in Today's Classroom
260 _bTaylor and Francis
260 _c2013
365 _a
365 _b180
856 _uhttp://www.taylorfrancis.com/books/9781315855226
942 _cEBOOK
999 _c1759268
_d1759268